000
00285nam a22001097a 4500
999
_c
168073
_d
168073
082
_a
_b
100
_a
Badrinath Kapoor
245
_a
Vakya sanrachana aur vishleshan:
_b
naye pratiman/
_c
by Badrinath Kapoor.
260
_a
New Delhi:
_b
Radhakrishnan,
_c
2008.
650
_a
942
_c
BK